| 000 | 01830nam0a2200373 i 4500 | ||
|---|---|---|---|
| 001 | RU\NLR\bibl\1949101 | ||
| 005 | 20260405125023.0 | ||
| 021 |
_aRU _b2012-64328 _94725 |
||
| 035 | _a(NLR Aleph) 001938268 | ||
| 090 |
_a3530031 _c3530031 |
||
| 100 | _a20120927d2012 k y0rusy50 ca | ||
| 101 | 0 |
_arus _deng |
|
| 102 | _aRU | ||
| 105 | _aa ||||||||| | ||
| 200 | 1 |
_aОриентационные зависимости отклика черенковского спектрометра с конвертером из ориентированного кристалла _fВ.А. Басков, В.В. Ким, Б.И. Лучков [и др.] |
|
| 210 |
_aМосква _c[б.и.] _d2012 |
||
| 215 |
_a10 с. _cграф. _d21 |
||
| 225 | 1 |
_aПрепринт _fФедер. гос. бюджет. учреждение науки Физ. ин-т им. П.Н. Лебедева Рос. акад. наук ФИАН _v17 |
|
| 300 | _aРез. на англ. яз. | ||
| 320 | _aБиблиогр.: с. 7 (16 назв.) | ||
| 606 | 1 |
_aСпектрометры ядерных частиц ливневые _91662381 _3RU\NLR\AUTH\661035338 |
|
| 606 |
_aВольфрам _xКристаллы _xЛивни частиц электромагнитные _92393049 _3RU\NLR\AUTH\661426952 |
||
| 686 | 1 | _aВ381.54 | |
| 686 | 1 | _aВ386.3 | |
| 701 | 1 |
_4070 _8rus _7ca _aБасков _bВ. А. _gВладимир Алексеевич _3RU\NLR\auth\7743645 _926588 |
|
| 701 | 1 |
_4070 _8rus _7ca _aКим _bВ. В. _gВалерий Валентинович _3RU\NLR\auth\7750374 _933309 |
|
| 701 | 1 |
_4070 _8rus _7ca _aЛучков _bБ. И. _f1932- _gБорис Иванович _3RU\NLR\auth\7750376 _933311 |
|
| 701 | 1 | _4070 | |
| 801 | 0 |
_aRU _bNLR _c20120927 _gRCR |
|
| 801 | 1 |
_aRU _bNLR _c20120927 |
|
| 942 | _cBOOK | ||
| 980 | _aNBR | ||